000 00848nmm a2200265 a 4500
001 ocm000667465
003 TR-IsHL
005 20201028125950.0
008 130927s2008 tu tur
007 cr cn
035 _a667465
_b(N$T)
050 0 4 _aPN6377
_b.T84 2008
090 0 4 _aPN6377
_b.T84 2008
245 1 0 _aTürk bilmecelerinden seçmeler
_h[electronic resource] /
_cderl. Ali Kemal
250 _a1. bs.
260 _aİstanbul :
_bParıltı Yayıncılık,
_c2008
300 _a150 p.
650 4 _aDil ve Edebiyat
650 4 _aLanguage and Literature
650 0 _aHalk edebiyatı, Türkiye
650 0 _aFolk literature, Turkish
650 7 _aSOCIAL SCIENCE / Folklore & Mythology
_2bisacsh
700 1 _aKemal, Ali
856 4 0 _uhttp://search.ebscohost.com/login.aspx?direct=true&scope=site&db=e011xww&AN=667465
999 _c3769
_d3769